El Fons Noies i Nois Escoltes (NINE) de l'Arxiu Nacional de Catalunya : fons núm. 166 : 1965 - 1984 / Amèlia Castan, Iolanda Zuil fons núm. 166 :
Descripción Física:
183 p. ; 30 cm
MARC
| LEADER | 00000nam a2200000Ia 4500 | ||
|---|---|---|---|
| 001 | 13096 | ||
| 003 | BGR | ||
| 005 | 20260324175420.0 | ||
| 008 | 160829s2000 xx 000 0 cat d | ||
| 080 | |a A-2-101 | ||
| 110 | 2 | |a Arxiu Nacional de Catalunya |9 55117 | |
| 245 | |a El Fons Noies i Nois Escoltes (NINE) de l'Arxiu Nacional de Catalunya : |b fons núm. 166 : |b 1965 - 1984 / Amèlia Castan, Iolanda Zuil | ||
| 260 | |a [Sant Cugat del Vallès] : |b Arxiu Nacional de Catalunya, Àrea de Fons Històrics, |c 2000 | ||
| 300 | |a 183 p. ; |c 30 cm | ||
| 610 | 2 | 0 | |a Arxiu Nacional de Catalunya |v Catàlegs |9 56080 |
| 650 | |a Noies i Nois Escoltes |x Arxius |x Catàlegs |9 32625 | ||
| 650 | |a Escoltes |x Catalunya |x Arxius |x Catàlegs |9 32626 | ||
| 700 | |a Castan i Ranch, Amèlia |9 20711 | ||
| 700 | |a Zuil, Iolanda |9 32627 | ||
| 710 | 2 | |9 55117 |a Arxiu Nacional de Catalunya |b Àrea de Fons Històrics | |
| 901 | |a Arxiu | ||
| 942 | |n 1 |2 udc |c MON | ||
| 952 | |0 0 |1 0 |4 0 |6 A2101 |7 1 |9 46053 |a Arxiu |b Arxiu |d 2016-12-01 |l 0 |o A-2-101 |p 13096 |r 2016-12-01 00:00:00 |w 2016-12-01 |y ARXIU | ||
| 999 | |c 49554 |d 49554 | ||